Содержание кадмия в листьях кустарниковых растений соснового бора; Тяжелые металлы и радионуклиды в окружающей среде; Т. 1

書誌詳細
Parent link:Тяжелые металлы и радионуклиды в окружающей среде: материалы VII Международной научно-практической конференции, 4-8 октября 2012 г., г. Семипалатинск (Семей)/ Семипалатинский государственный педагогический институт ; Российская академия наук (РАН), Институт геохимии и аналитической химии (ГЕОХИ) ; Московский государственный университет им. М. В. Ломоносова (МГУ) ; Национальный исследовательский Томский политехнический университет (ТПУ) ; Российская академия наук (РАН), Сибирское отделение (СО), Институт почвоведения и агрохимии (ИПА) ; под ред. М. А. Бектемесова.— , 2012.— 978-601-7332-72-3
Т. 1.— 2012.— С. 307-310
第一著者: Сибиркина А. Р.
言語:ロシア語
出版事項: 2012
シリーズ:Биогеохимия тяжелых металлов и радионуклидов, моделирование процессов их миграции и аккумуляции в естественных и техногенных ландшафтах
主題:
フォーマット: 図書の章
KOHA link:https://koha.lib.tpu.ru/cgi-bin/koha/opac-detail.pl?biblionumber=258390

MARC

LEADER 00000naa2a2200000 4500
001 258390
005 20231031220249.0
035 |a (RuTPU)RU\TPU\book\281240 
035 |a RU\TPU\book\281233 
090 |a 258390 
100 |a 20140424d2012 k y0rusy50 ca 
101 0 |a rus 
102 |a RU 
200 1 |a Содержание кадмия в листьях кустарниковых растений соснового бора  |f А. Р. Сибиркина 
225 1 |a Биогеохимия тяжелых металлов и радионуклидов, моделирование процессов их миграции и аккумуляции в естественных и техногенных ландшафтах 
320 |a Библиогр.: с. 310 (19 назв.) 
461 1 |0 (RuTPU)RU\TPU\book\270768  |y 978-601-7332-72-3  |t Тяжелые металлы и радионуклиды в окружающей среде  |o материалы VII Международной научно-практической конференции, 4-8 октября 2012 г., г. Семипалатинск (Семей)  |f Семипалатинский государственный педагогический институт ; Российская академия наук (РАН), Институт геохимии и аналитической химии (ГЕОХИ) ; Московский государственный университет им. М. В. Ломоносова (МГУ) ; Национальный исследовательский Томский политехнический университет (ТПУ) ; Российская академия наук (РАН), Сибирское отделение (СО), Институт почвоведения и агрохимии (ИПА) ; под ред. М. А. Бектемесова  |d 2012 
463 0 |0 (RuTPU)RU\TPU\book\269463  |t Т. 1  |v С. 307-310  |d 2012  |p 519 с. 
610 1 |a кустарники 
610 1 |a растения 
610 1 |a листья 
610 1 |a сосновые леса 
610 1 |a химические элементы 
610 1 |a тяжелые металлы 
610 1 |a живое вещество 
700 1 |a Сибиркина  |b А. Р. 
801 1 |a RU  |b 63413507  |c 20140331 
801 2 |a RU  |b 63413507  |c 20140424  |g RCR 
942 |c BK